California Former and Current Municipalities - Statistics

General Stats
  • This quiz has been taken 57 times
    17 since last reset
  • The average score is 61 of 3452
Answer Stats
Municipality % Correct
Eureka
64%
Los Angeles
64%
Sacramento
55%
Glendale
45%
Napa
45%
Ora
45%
San Francisco
45%
Alameda
36%
Alla
36%
Anaheim
36%
Berkeley
36%
Monterey
36%
Oakland
36%
Oxnard
36%
San Bernardino
36%
San Diego
36%
San Jose
36%
Santa Clara
36%
Santa Monica
36%
Torrance
36%
Azusa
27%
Baker
27%
Bakersfield
27%
Chico
27%
Chula Vista
27%
East Los Angeles
27%
Encinitas
27%
Escondido
27%
Gardena
27%
Glendora
27%
Imperial
27%
Long Beach
27%
Malibu
27%
Ocean
27%
Oceanside
27%
Ontario
27%
Orange
27%
Oroville
27%
Pasadena
27%
Redding
27%
Redwood
27%
Richmond
27%
Riverside
27%
Santa Cruz
27%
Stockton
27%
Ukiah
27%
Vacaville
27%
Vin
27%
West Hollywood
27%
Williams
27%
Yreka
27%
Yuba City
27%
Agoura Hills
18%
Alpine
18%
Alta
18%
Altadena
18%
Applegate
18%
Arcata
18%
Blythe
18%
Brentwood
18%
Burbank
18%
Burlingame
18%
Carmel By The Sea
18%
Carmichael
18%
Chino
18%
Coachella
18%
Compton
18%
Corona
18%
Covina
18%
Cypress
18%
Daly City
18%
El Dorado
18%
Elk Grove
18%
Emeryville
18%
Emory
18%
Fair Oaks
18%
Fallbrook
18%
Fremont
18%
Fresno
18%
Fullerton
18%
Galt
18%
Hawaiian Gardens
18%
Hawthorne
18%
Hollywood
18%
Inglewood
18%
Jackson
18%
Lancaster
18%
Lodi
18%
Los Altos
18%
Los Gatos
18%
Manhattan Beach
18%
McKinleyville
18%
Newark
18%
Palmdale
18%
Pomo
18%
Pomona
18%
Poway
18%
Rancho Cordova
18%
Rancho Palos Verdes
18%
San Clemente
18%
San Fernando
18%
San Juan
18%
San Marcos
18%
Santa Ana
18%
Santa Maria
18%
Santa Rosa
18%
Saratoga
18%
Seaside
18%
Shasta
18%
South San Francisco
18%
Strawberry
18%
Sunnyvale
18%
Tiburon
18%
Truckee
18%
Twentynine Palms
18%
Verona
18%
Victor
18%
Victorville
18%
Walnut
18%
West Sacramento
18%
Whittier
18%
Zzyzx
18%
4S Ranch
9%
Aberdeen
9%
Acalanes Ridge
9%
Acampo
9%
Adin
9%
Agoura
9%
Alamo
9%
Albany
9%
Alhambra
9%
Alturas
9%
Amador City
9%
American Canyon
9%
Anderson
9%
Antioch
9%
Arbuckle
9%
Arcadia
9%
Arden-Arcade
9%
Artesia
9%
Auburn
9%
Avalon
9%
Avena
9%
Avenal
9%
Avocado Heights
9%
Banning
9%
Barstow
9%
Bell
9%
Belvedere
9%
Bern
9%
Beverly Hills
9%
Big Bear City
9%
Big Bear Lake
9%
Big Pine
9%
Bishop
9%
Bodega
9%
Bodega Bay
9%
Bolinas
9%
Bonsall
9%
Borrego Springs
9%
Boulevard
9%
Brawley
9%
Brea
9%
Brown
9%
Calabasas
9%
Calexico
9%
Calistoga
9%
Camarillo
9%
Cameron Park
9%
Camino
9%
Campbell
9%
Campo
9%
Camp Pendleton South
9%
Capitola
9%
Carlsbad
9%
Carson
9%
Cisco
9%
Cisco Grove
9%
Citrus
9%
Claremont
9%
Clarksburg
9%
Clay
9%
Clearlake
9%
Cloverdale
9%
Colfax
9%
Collierville
9%
Coloma
9%
Colusa
9%
Concord
9%
Cooper
9%
Corning
9%
Coronado
9%
Corte Madera
9%
Cotati
9%
Cottonwood
9%
Courtland
9%
Covelo
9%
Cupertino
9%
Davis
9%
Del Mar
9%
De Luz
9%
Descanso
9%
Diamond Springs
9%
Dixon
9%
Duarte
9%
Dublin
9%
Dunnigan
9%
Dunsmuir
9%
Echo
9%
Echo Lake
9%
El Cajon
9%
El Centro
9%
El Dorado Hills
9%
Elk River
9%
El Monte
9%
El Segundo
9%
Englewood
9%
Esparto
9%
Fairfield
9%
Folsom
9%
Fontana
9%
Fort Bragg
9%
Fortuna
9%
Garden Grove
9%
Gaviota
9%
Georgetown
9%
Gilroy
9%
Glenn
9%
Gold River
9%
Grass Valley
9%
Greenbrae
9%
Half Moon Bay
9%
Hart
9%
Hartley
9%
Hayward
9%
Healdsburg
9%
Hemet
9%
Herald
9%
Hercules
9%
Highland
9%
Holt
9%
Holtville
9%
Hood
9%
Huntington Beach
9%
Hydril
9%
Imperial Beach
9%
Indio
9%
Irvine
9%
Irwin
9%
Jacumba Hot Springs
9%
Jamul
9%
Julian
9%
Knoxville
9%
Kyburz
9%
La Canada Flintridge
9%
Lafayette
9%
Laguna Beach
9%
Laguna Hills
9%
Laguna Niguel
9%
La Habra
9%
Lake Elsinore
9%
Lakeside
9%
La Mesa
9%
La Presa
9%
Larkspur
9%
Lawndale
9%
Leggett
9%
Lemon Grove
9%
Linda
9%
Lindsay
9%
Little Shasta
9%
Live Oak
9%
Livermore
9%
Livingston
9%
Lockeford
9%
Lomita
9%
Lone Pine
9%
Loomis
9%
Los Alamitos
9%
Los Alamos
9%
Madison
9%
Marina
9%
Marina Del Rey
9%
Mariposa
9%
Martinez
9%
Marysville
9%
Mendocino
9%
Merced
9%
Midland
9%
Millbrae
9%
Mill Valley
9%
Milpitas
9%
Mococo
9%
Monrovia
9%
Montebello
9%
Montecito
9%
Montgomery
9%
Moorpark
9%
Moraga
9%
Morgan Hill
9%
Mount Shasta
9%
Nevada City
9%
Norton
9%
Norwalk
9%
Oakley
9%
Ocotillo
9%
Ocotillo Wells
9%
Ojai
9%
Olive
9%
Olivehurst
9%
Orinda
9%
Pacific
9%
Pacifica
9%
Paintersville
9%
Palm Desert
9%
Palms
9%
Palm Springs
9%
Palo Alto
9%
Paradise
9%
Paramount
9%
Paso Robles
9%
Petaluma
9%
Piedmont
9%
Pieta
9%
Pine Valley
9%
Pinole
9%
Piru
9%
Pittsburg
9%
Placerville
9%
Pleasant Hill
9%
Pleasanton
9%
Point Arena
9%
Pollock Pines
9%
Port Hueneme
9%
Potrero
9%
Quincy
9%
Rainbow
9%
Ramona
9%
Rancho Cucamonga
9%
Rancho San Diego
9%
Rancho Santa Fe
9%
Red Bluff
9%
Redlands
9%
Redondo Beach
9%
Redwood City
9%
Redwood Valley
9%
Richland
9%
Ridgecrest
9%
Rocklin
9%
Rodeo
9%
Rohnert Park
9%
Rosemead
9%
Rosemont
9%
Roseville
9%
Ross
9%
San Andreas
9%
San Anselmo
9%
San Benito
9%
San Bruno
9%
San Carlos
9%
Sandberg
9%
San Diego Country Estates
9%
San Dimas
9%
San Gregorio
9%
San Juan Capistrano
9%
San Leandro
9%
San Lorenzo
9%
San Lucas
9%
San Luis Obispo
9%
San Mateo
9%
San Miguel
9%
San Pedro
9%
San Ramon
9%
Santa Barbara
9%
Santa Clarita
9%
Santa Ysabel
9%
Santee
9%
Sausalito
9%
Sebastopol
9%
Sheridan
9%
Shingle Springs
9%
Shingletown
9%
Solana Beach
9%
Solvang
9%
Sonoma
9%
South Lake Tahoe
9%
South San Jose Hills
9%
Spring Valley
9%
Stanford
9%
Stanton
9%
Stinson Beach
9%
Suisun City
9%
Sunland
9%
Sunol
9%
Susanville
9%
Sutter
9%
Sutter Creek
9%
Taft
9%
Temecula
9%
The Grove
9%
Thornton
9%
Tipton
9%
Tulare
9%
Union City
9%
Vallejo
9%
Valley Ford
9%
Venice
9%
Visalia
9%
Vista
9%
Walnut Creek
9%
Walnut Grove
9%
Warner Springs
9%
Washington
9%
Waterloo
9%
Watts
9%
Weed
9%
West Covina
9%
Westminster
9%
Willits
9%
Wilmington
9%
Winchester
9%
Windsor
9%
Winters
9%
Woodbridge
9%
Woodlake
9%
Woodland
9%
Yolo
9%
Yorba Linda
9%
Yorkville
9%
Yucaipa
9%
Acorn
0%
Actis
0%
Acton
0%
Adams Station
0%
Adelaida
0%
Adelanto
0%
Advance
0%
Aerial Acres
0%
Aetna Springs
0%
Afton
0%
Ager
0%
Agra
0%
Agua Dulce
0%
Agua Fria
0%
Agua Mansa
0%
Aguanga
0%
Ahwahnee
0%
Ainsworth Corner
0%
Airport
0%
Alabama Hills
0%
Alameda, Kern County
0%
Alamorio
0%
Albeeville
0%
Alberhill
0%
Albion
0%
Alderpoint
0%
Alder Springs, Fresno County
0%
Alder Springs, Glenn County
0%
Alessandro
0%
Alhambra Valley
0%
Aliso Viejo
0%
Allendale, Solano County
0%
Allensworth
0%
Alma
0%
Almanor
0%
Alondra Park
0%
Alpaugh
0%
Alpha
0%
Alpine, Los Angeles County
0%
Alpine Meadows
0%
Alsace
0%
Altacanyada
0%
Alta Hill
0%
Altamont
0%
Alta Sierra
0%
Alta Sierra, Kern County
0%
Altaville
0%
Alto
0%
Alton
0%
Altruria
0%
Alum Rock, San Jose
0%
Alvarado
0%
Alviso
0%
Amador Pines
0%
Amboy
0%
Amesti
0%
Amsterdam
0%
Anaheim Island
0%
Anchor Bay
0%
Andersonia
0%
Anderson Springs
0%
Andrade
0%
Andrade Corner
0%
Angelus Oaks
0%
Angiola
0%
Angwin
0%
Annapolis
0%
Answer
0%
Antelope
0%
Antelope Acres
0%
Antelope Center
0%
Anza
0%
Apollo
0%
Apple Valley
0%
Aptos
0%
Aptos Hills-Larkin Valley
0%
Arboga
0%
Argus
0%
Armistead
0%
Armona
0%
Arnold
0%
Arnold Heights
0%
Aromas
0%
Arrowbear Lake
0%
Arrowhead Farms, San Bernardino
0%
Arrowhead Highlands
0%
Arroyo Grande
0%
Arroyo Vista
0%
Artois
0%
Arvin
0%
Asco
0%
Ashford Mill
0%
Ash Hill
0%
Ashland
0%
Ashrama
0%
Aspendell
0%
Aspen Springs
0%
Aspen Valley
0%
Asphalto
0%
Asti
0%
Asuncion
0%
Atascadero
0%
Athens
0%
Atherton
0%
Athlone
0%
Atlanta
0%
Atlas
0%
Atolia
0%
Atwater
0%
Auberry
0%
Auburn Lake Trails
0%
Auckland
0%
August
0%
Avery
0%
Avila Beach
0%
Avinsino Corner
0%
Avon
0%
Badger
0%
Badger Hill
0%
Badwater
0%
Bagby
0%
Bagdad
0%
Bagdad, Butte County
0%
Bahia
0%
Bailey Flats
0%
Baker, Kern County
0%
Balance Rock
0%
Balch Camp
0%
Balderson Station
0%
Bald Hills
0%
Baldwin Park
0%
Baldy Mesa
0%
Ballarat
0%
Ballard
0%
Ballena
0%
Ballico
0%
Baltimore Town
0%
Bangor
0%
Banta
0%
Bard
0%
Bardsdale
0%
Barnes Settlement
0%
Barstow, Fresno County
0%
Bartlett Springs
0%
Barton
0%
Bassetts
0%
Bass Lake
0%
Bass Lake Annex
0%
Batavia
0%
Bath
0%
Baxter
0%
Bayliss
0%
Bay Point
0%
Bayside
0%
Bayview, Contra Costa County
0%
Bayview, Humboldt County
0%
Bayview-Montalvin
0%
Baywood-Los Osos
0%
B Bar H Ranch
0%
Beale Afb
0%
Bealville
0%
Bear Creek, Merced County
0%
Bear Creek, San Joaquin County
0%
Bear Valley, Mariposa County
0%
Bear Valley Springs
0%
Beaumont
0%
Beckwourth
0%
Beeks Place
0%
Bee Rock
0%
Belden
0%
Belfast
0%
Belfort
0%
Bella Vista
0%
Bell Canyon
0%
Belleville
0%
Bellflower
0%
Bell Gardens
0%
Bell Mountain
0%
Bell Springs
0%
Bell Station
0%
Bellvale
0%
Bel Marin Keys
0%
Belmont
0%
Belmont Heights
0%
Bena
0%
Benbow
0%
Bend
0%
Bend City
0%
Ben Hur
0%
Benicia
0%
Ben Lomond
0%
Bennettville
0%
Benton
0%
Benton Hot Springs
0%
Berenda
0%
Bermuda Dunes
0%
Berry Creek
0%
Berryessa Highlands
0%
Bertsch–Oceanview
0%
Bestville
0%
Beswick
0%
Bethel Island
0%
Beveridge
0%
Bieber
0%
Big Bar, Trinity County
0%
Big Bend
0%
Big Bend, Butte County
0%
Big Bend, Placer County
0%
Big Creek
0%
Biggs
0%
Big Lagoon
0%
Big Pines
0%
Big River
0%
Big Springs
0%
Big Sur Village
0%
Big Valley, Lassen County
0%
Binghamton
0%
Biola
0%
Birchville
0%
Birds Landing
0%
Bitney Corner
0%
Bitterwater
0%
Bixler
0%
Black Bear
0%
Black Butte
0%
Blackhawk
0%
Blackhawk-Camino Tassajara
0%
Blacklake
0%
Black Point-Green Point
0%
Blackwells Corner
0%
Blanchard
0%
Blanco, Monterey County
0%
Blanco, Tulare County
0%
Blocksburg
0%
Bloomfield
0%
Bloomington
0%
Blue Canyon
0%
Blue Jay
0%
Blue Lake
0%
Blue Mountain
0%
Blue Mountain City
0%
Blue Tent
0%
Bluewater
0%
Boca
0%
Bodfish
0%
Bodie
0%
Boiling Point
0%
Bokea
0%
Bombay Beach
0%
Bonadelle Ranchos
0%
Bonadelle Ranchos-Madera Ranchos
0%
Bonds Corner
0%
Bondville
0%
Bonita
0%
Bonita, Madera County
0%
Bonnefoy
0%
Bonnie View
0%
Bonny Doon
0%
Boonville
0%
Bootjack
0%
Borden
0%
Borel
0%
Boron
0%
Boronda
0%
Bostonia
0%
Boston Ravine
0%
Boulder Creek
0%
Boulder Park
0%
Bowles
0%
Bowman
0%
Box Springs
0%
Boyes Hot Springs
0%
Bracut
0%
Bradley
0%
Brainard
0%
Branciforte
0%
Brandon Corner
0%
Brandy City
0%
Branscomb
0%
Branson City
0%
Brass Wire Bar
0%
Bret Harte
0%
Bretz Mill
0%
Briceburg
0%
Briceland
0%
Bridgeport, Mariposa County
0%
Bridgeport, Nevada County
0%
Bridgeville
0%
Brightside
0%
Brisbane
0%
Brito
0%
Broadmoor
0%
Brockman
0%
Brockway
0%
Broderick
0%
Bronco
0%
Brookdale
0%
Brooklyn
0%
Brooks
0%
Brookshire
0%
Brooktrails
0%
Browns Valley
0%
Brush Creek
0%
Bryman
0%
Bryte
0%
Buchanan, Tuolumne County
0%
Buchli
0%
Buckeye, El Dorado County
0%
Buckeye Flat
0%
Buckhorn, Amador County
0%
Buckhorn, Ventura County
0%
Buckingham Park
0%
Bucks Lake
0%
Bucktown
0%
Buellton
0%
Buena Park
0%
Buena Vista, Amador County
0%
Buena Vista, Nevada County
0%
Buena Vista, San Jose
0%
Buhach
0%
Buldam
0%
Bumblebee
0%
Bummerville
0%
Buntingville
0%
Burbank, Santa Clara County
0%
Burney
0%
Burnt Ranch
0%
Burnt Wagons
0%
Burrel
0%
Burson
0%
Butte City, Amador County
0%
Butte City, Glenn County
0%
Butte Creek Canyon
0%
Butte Meadows
0%
Butte Valley
0%
Buttonwillow
0%
Byron
0%
Bystrom
0%
Cabazon
0%
Cabin Cove
0%
Cactus City
0%
Cadiz
0%
Cahto
0%
Cahuenga
0%
Cahuilla
0%
Cahuilla Hills
0%
Cairns Corner
0%
Cajon Junction
0%
Calaveritas
0%
Caldor
0%
Calflax
0%
Calgro
0%
Calico
0%
Cal-Ida
0%
Caliente
0%
Califa
0%
California City
0%
California Hot Springs
0%
California Park
0%
California Pines
0%
California Valley
0%
Calimesa
0%
Calipatria
0%
Callahan
0%
Callender
0%
Calneva
0%
Calpack
0%
Calpella
0%
Calwa
0%
Calzona
0%
Camanche
0%
Camanche North Shore
0%
Camanche Village
0%
Cambria
0%
Cambrian, San Jose
0%
Cambria Pines
0%
Camden, Fresno County
0%
Camino Tassajara
0%
Camp at Pardee's Ranch
0%
Camp Bartlett
0%
Campbell Hot Springs
0%
Camp Connell
0%
Camp Grant
0%
Camphora
0%
Camp Klamath
0%
Camp Lyon
0%
Camp Meeker
0%
Camp Nelson
0%
Camp O'pera
0%
Campo Seco
0%
Camp Pardee
0%
Camp Pendleton North
0%
Camp Richardson
0%
Camp Scheideck
0%
Camp Spirito
0%
Camptonville
0%
Cana
0%
Canby
0%
Canebrake
0%
Canon City
0%
Cantil
0%
Cantua Creek
0%
Canyon
0%
Canyondam
0%
Capay
0%
Cape Horn
0%
Capetown
0%
Carbona
0%
Carbondale
0%
Caribou
0%
Carlotta
0%
Carmel Highlands
0%
Carmel Valley Village
0%
Carmel Woods
0%
Carmet
0%
Carnegie
0%
Carneros
0%
Carpenter Valley
0%
Carpinteria
0%
Carrick
0%
Carrizo Creek Station
0%
Carson Hill
0%
Cartago
0%
Caruthers
0%
Carvin Creek Homesites
0%
Casa de Oro
0%
Casa de Oro-Mount Helix
0%
Casa Loma
0%
Cascade
0%
Cascadel
0%
Cascadel Woods
0%
Casey Corner
0%
Casitas Springs
0%
Casmalia
0%
Caspar
0%
Cassel
0%
Castaic
0%
Castaic Junction
0%
Castella
0%
Castle Hill
0%
Castro Valley
0%
Castroville
0%
Cathedral City
0%
Catheys Valley
0%
Cave City
0%
Cawelo
0%
Caymus
0%
Cayucos
0%
Cazadero
0%
Cecilville
0%
Cedarbrook
0%
Cedar Crest
0%
Cedar Flat
0%
Cedar Glen
0%
Cedar Grove
0%
Cedarpines Park
0%
Cedar Ridge
0%
Cedar Slope
0%
Cedarville
0%
Centerville, Alpine County
0%
Centerville, Butte County
0%
Centerville, Fresno County
0%
Centerville, Humboldt County
0%
Centerville, Shasta County
0%
Central Camp
0%
Ceres
0%
Cerritos
0%
Cerro Gordo
0%
Cerro Gordo Landing
0%
Chalfant
0%
Chalk Bluff
0%
Challenge
0%
Challenge–Brownsville
0%
Chambers Lodge
0%
Chambless
0%
Channel Islands Beach
0%
Chanz
0%
Charleston View
0%
Charter Oak
0%
Chats
0%
Cheeseville
0%
Chemeketa Park, Los Gatos
0%
Cherokee
0%
Cherokee, Nevada County
0%
Cherokee Strip
0%
Cherryland
0%
Cherry Valley
0%
Chester
0%
Chicago Park
0%
Chilcoot
0%
Chilcoot-Vinton
0%
China Camp
0%
China Lake Acres
0%
China Lake, Kern County
0%
Chinese Camp
0%
Chino Hills
0%
Chinquapin
0%
Chiriaco Summit
0%
Chittenden
0%
Chloride City
0%
Cholame
0%
Chomchadila
0%
Chowchilla
0%
Chowigna
0%
Christine
0%
Chrome
0%
Chrysopolis
0%
Chualar
0%
Cima
0%
Cinco
0%
Circle Oaks
0%
Citrus Heights
0%
City Terrace
0%
Claraville
0%
Clarkson
0%
Clarksville
0%
Clayton
0%
Clayton, Placer County
0%
Clear Creek, Lassen County
0%
Clear Creek, Siskiyou County
0%
Clearing House
0%
Clearlake Oaks
0%
Clearlake Riviera
0%
Clements
0%
Cleone
0%
Clinton
0%
Clio
0%
Clipper Gap
0%
Clipper Mills
0%
Clovis
0%
Clyde
0%
Coalinga
0%
Coarsegold
0%
Cobb
0%
Cockatoo Grove
0%
Codora
0%
Coffee Creek
0%
Cohasset
0%
Cold Springs, El Dorado County
0%
Coleman City
0%
Coleville
0%
College City
0%
Collins
0%
Collinsville
0%
Colton
0%
Columbia
0%
Colusa Rancheria
0%
Comptche
0%
Concow
0%
Condemned Bar
0%
Conejo
0%
Confidence
0%
Contra Costa Centre
0%
Cool
0%
Copco
0%
Copper City
0%
Copperopolis
0%
Coppervale
0%
Corcoran
0%
Cordelia
0%
Cornell, Los Angeles County
0%
Cornell, Modoc County
0%
Cornwall
0%
Coronita
0%
Corral de Tierra
0%
Corral Hollow
0%
Corralitos
0%
Cortez
0%
Cortina Indian Rancheria
0%
Cory
0%
Coso
0%
Coso Junction
0%
Costa Mesa
0%
Coto de Caza
0%
Cottage Springs
0%
Counsman
0%
Country Club
0%
Coutolenc
0%
Cowan
0%
Coyote
0%
Coyoteville
0%
Coyote Wells
0%
Crabtree
0%
Craft
0%
Crafton
0%
Crane Creek
0%
Crater
0%
Create
0%
Crescent City
0%
Crescent City North
0%
Crescent Mills
0%
Cressey
0%
Crest
0%
Crestline
0%
Crestmore Heights
0%
Creston
0%
Crest Park
0%
Crestview
0%
C-Road
0%
Crockett
0%
Cromberg
0%
Crowley Lake
0%
Crowley, Mendocino County
0%
Crows Landing
0%
Crucero
0%
Crystal Lake
0%
Culver City
0%
Cummings, Mendocino County
0%
Cushenbury
0%
Cutler
0%
Cutten
0%
Cuttens
0%
Cuttings Wharf
0%
Cuyama
0%
Cuyamaca City
0%
Daggett
0%
Dairyland, Madera County
0%
Dairyville
0%
Dales
0%
Daley's Ferry Post
0%
Dana
0%
Dana Point
0%
Danby
0%
Danville
0%
Daphnedale Park
0%
Dapishul
0%
Dardanelle
0%
Darlingtonia
0%
Darrah
0%
Darwin
0%
Date City
0%
Daulton
0%
Davenport
0%
Davis Creek
0%
Day
0%
Dayton
0%
Day Valley
0%
Deadwood
0%
Deadwood, Tuolumne County
0%
Dean
0%
Death Valley Junction
0%
DeCamp
0%
Declezville
0%
Decoto
0%
Dedrick
0%
Deep Springs
0%
Deer Park
0%
Deer View
0%
Dehesa
0%
Del Aire
0%
Delano
0%
Delevan
0%
Delft Colony
0%
Delhi
0%
Delleker
0%
Del Loma
0%
Del Monte Forest
0%
Del Rey
0%
Del Rio
0%
Del Sur
0%
De Luz Heights
0%
Del Valle
0%
Democrat
0%
Denair
0%
Denny
0%
Denverton
0%
Derby Acres
0%
DeSabla
0%
Desert Center
0%
Desert Edge
0%
Desert Hot Springs
0%
Desert Lake
0%
Desert Palms
0%
Desert Shores
0%
Desert Spring
0%
Desert View Highlands
0%
Devore
0%
Dew Drop
0%
Dewitt, Lassen County
0%
Diablo
0%
Diablo Grande
0%
Diamond Bar
0%
Diamondville
0%
Di Giorgio
0%
Dillon Beach
0%
Dinkey Creek
0%
Dinsmore
0%
Dinuba
0%
Discovery Bay
0%
Dixieland
0%
Dixon Lane-Meadow Creek
0%
Dobbins
0%
Dogtown
0%
Dollar Point
0%
Dolomite
0%
Dome Village
0%
Domino
0%
Doreleska
0%
Dorrington
0%
Dorris
0%
Dos Palmas Spring
0%
Dos Palos
0%
Dos Palos Y
0%
Dos Rios
0%
Douds Landing
0%
Dougherty
0%
Douglas City
0%
Douglas Flat
0%
Douglas Park
0%
Downey
0%
Downieville
0%
Doyle, Lassen County
0%
Dozier
0%
Drawbridge
0%
Dresser
0%
Drytown
0%
Ducor
0%
Dulah
0%
Dulzura
0%
Dumpville
0%
Duncans Mills
0%
Duncan Springs
0%
Dunlap
0%
Dunmovin
0%
Dunneville
0%
Durham
0%
Dustin Acres
0%
Dutch Flat
0%
Dutton Hotel, Stagecoach Station
0%
Dyerville
0%
Eagle Bird
0%
Eagle Mountain
0%
Eagle Rock
0%
Eagleville, Modoc County
0%
Eagleville, Yuba County
0%
Earlimart
0%
Earp
0%
East Bakersfield
0%
East Biggs
0%
East Blythe
0%
East Compton
0%
Eastern Goleta Valley
0%
East Foothills, San Jose
0%
East Garrison
0%
East Gridley
0%
East Hemet
0%
East Nicolaus
0%
East Oakdale
0%
Easton
0%
East Orosi
0%
East Otay Mesa
0%
East Pasadena
0%
East Pleasanton
0%
East Porterville
0%
East Quincy
0%
East Rancho Dominguez
0%
East San Diego
0%
East San Gabriel
0%
East San Jose
0%
East Shore
0%
East Sonora
0%
East Tulare Villa
0%
East Whittier
0%
Eastwood
0%
Eccles
0%
Echo, Inyo County
0%
Eckley
0%
Eden
0%
Eder
0%
Edgemont, Lassen County
0%
Edgemont, Riverside County
0%
Edgewood
0%
Edison
0%
Edit Answers
0%
Edmundson Acres
0%
Edna
0%
Edwards
0%
El Cariso
0%
El Cerrito
0%
El Cerrito, Riverside County
0%
Elders Corner
0%
El Dorado Bar
0%
Eldoradoville
0%
Eldridge
0%
Electra
0%
Elfin Forest
0%
El Granada
0%
Elizabeth Lake
0%
Elizabethtown
0%
Elk Creek
0%
Elkhorn
0%
Elk, Mendocino County
0%
Elliott
0%
Elliott Corner
0%
El Macero
0%
Elmira
0%
El Mirage
0%
El Monte Mobile Village
0%
Elm View
0%
Elna
0%
El Nido, Los Angeles County
0%
El Nido, Merced County
0%
El Portal
0%
El Prado
0%
El Rancho
0%
El Rio
0%
El Rio Villa
0%
El Sobrante
0%
El Sobrante, Contra Costa County
0%
El Sobrante, Riverside County
0%
El Verano
0%
Elverta
0%
Emerald Bay, Orange County
0%
Emerald Lake Hills
0%
Emigrant Gap
0%
Empire
0%
Empire City
0%
Enchanted Hills
0%
Encinal, Sutter County
0%
Enterprise, Amador County
0%
Enterprise, Butte County
0%
Enterprise, Lake County
0%
Enterprise, Shasta County
0%
Escalon
0%
Essex
0%
Essex, San Bernardino County
0%
Etna
0%
Eucalyptus Hills
0%
Exeter
0%
Fairbanks Ranch
0%
Fairfax
0%
Fairhaven
0%
Fairmead
0%
Fair Oaks, Mendocino County
0%
Fair Play
0%
Fairport
0%
Fairview
0%
Falk
0%
Fallen Leaf
0%
Falling Springs
0%
Fallon
0%
Fall River Mills
0%
Famoso
0%
Farad
0%
Faria
0%
Farley
0%
Farmersville
0%
Farmington
0%
Fawnskin
0%
Feather Falls
0%
Felicity
0%
Felix
0%
Fellows
0%
Felton
0%
Fenner
0%
Fergus
0%
Fernbridge
0%
Ferndale
0%
Fetters Hot Springs-Agua Caliente
0%
Fiddletown
0%
Fieldbrook
0%
Fields Landing
0%
Figarden
0%
Fillmore
0%
Fine Gold
0%
Finley
0%
Firebaugh
0%
Fisher Place
0%
Fish Rock
0%
Fish Springs
0%
Five Mile Terrace
0%
Five Points
0%
Flea Valley
0%
Fletcher Hills
0%
Flinn Springs
0%
Florence
0%
Florence-Graham
0%
Florin
0%
Floriston
0%
Flournoy
0%
Flumeville
0%
Foothill Farms
0%
Foothill Ranch
0%
Forbestown
0%
Ford City
0%
Forebay
0%
Forest
0%
Foresta
0%
Forest Falls
0%
Forest Glen
0%
Foresthill
0%
Forest Home
0%
Forest Knolls, Marin County
0%
Forest Meadows
0%
Forest Ranch
0%
Forestville
0%
Forks of Salmon
0%
Fort Ann
0%
Fort Bidwell
0%
Fort Dick
0%
Fort Gaston
0%
Fort Irwin
0%
Fort John
0%
Fort Jones
0%
Fort Romie
0%
Fort Seward
0%
Fort Washington
0%
Fountain Grove
0%
Fountain Place
0%
Fountain Springs
0%
Fountain Valley
0%
Four Acres
0%
Fourth Crossing
0%
Fouts Springs
0%
Fowler
0%
Franklin, Merced County
0%
Franklin, Sacramento County
0%
Frazier Park
0%
Fredericksburg
0%
Freedom
0%
Freeman Junction
0%
Freeport
0%
Freestone
0%
Fremont Valley
0%
Fremont, Yolo County
0%
French Camp
0%
French Corral
0%
French Flat
0%
French Gulch
0%
French Hill
0%
French Lake
0%
Frenchtown, El Dorado County
0%
Frenchtown, Yuba County
0%
French Valley
0%
Fresh Pond
0%
Freshwater
0%
Freshwater Corners
0%
Fresno City
0%
Fresno Crossing
0%
Friant
0%
Frink
0%
Fruitdale, San Jose
0%
Fruitland
0%
Fruitridge Pocket
0%
Fruitvale, Kern County
0%
Fruto
0%
Fuchs
0%
Fuller Acres
0%
Fulton
0%
Furnace
0%
Furnace Creek
0%
Furnace Creek Inn
0%
Gabilan Acres
0%
Galivan
0%
Ganns
0%
Garberville
0%
Garden Acres
0%
Garden Farms
0%
Garden Valley, El Dorado County
0%
Garey
0%
Garlock
0%
Garnet
0%
Gas Point
0%
Gasquet
0%
Gaston
0%
Gateway, Nevada County
0%
Gazelle
0%
Genesee
0%
Genevra
0%
Gerber
0%
Gerber-Las Flores
0%
Gerstley
0%
Geyserville
0%
Gibsonville
0%
Gillis
0%
Girard
0%
Glamis
0%
Glenblair
0%
Glenbrook, Nevada County
0%
Glenburn
0%
Glencoe
0%
Glendale, Humboldt County
0%
Glen Ellen
0%
Glenhaven
0%
Glennville
0%
Glenview, Lake County
0%
Goffs
0%
Golden Hills
0%
Gold Flat
0%
Gold Hill, El Dorado County
0%
Gold Hill, Placer County
0%
Gold Mountain
0%
Gold Town
0%
Goler Heights
0%
Goleta
0%
Gonzales
0%
Good Hope
0%
Gorda
0%
Gorman
0%
Goshen
0%
Goumaz
0%
Graeagle
0%
Grand Island
0%
Grand Terrace
0%
Grangeville
0%
Granite Bay
0%
Granite Hills
0%
Granite Springs
0%
Graniteville
0%
Grant, Inyo County
0%
Grapevine
0%
Grass Flat
0%
Graton
0%
Grays Flat
0%
Grayson
0%
Greasertown
0%
Greekstore
0%
Greeley Hill
0%
Green Acres
0%
Greenacres
0%
Greenfield
0%
Greenfield, Kern County
0%
Green Valley Lake
0%
Green Valley, Los Angeles County
0%
Green Valley, Solano County
0%
Greenview
0%
Greenville
0%
Greenville, Yuba County
0%
Greenwater
0%
Greenwich
0%
Greenwood, El Dorado County
0%
Greenwood, Glenn County
0%
Gregg
0%
Grenada
0%
Gridley
0%
Grimes
0%
Grizzly Flats
0%
Groveland
0%
Groveland-Big Oak Flat
0%
Grover Beach
0%
Grub Gulch
0%
Guadalupe
0%
Gualala
0%
Guasti
0%
Guatay
0%
Guenoc
0%
Guerneville
0%
Guernewood Park
0%
Guinda
0%
Gullion's Bar
0%
Gustine
0%
Gypsite
0%
Hacienda Heights
0%
Hackamore
0%
Hacketville
0%
Haiwee
0%
Halcyon
0%
Hales Grove
0%
Halloran Springs
0%
Halls Corner
0%
Halls Flat
0%
Hambone
0%
Hamburg
0%
Hamilton
0%
Hamilton Branch
0%
Hamilton City
0%
Hamlet
0%
Hammil
0%
Hammonton
0%
Hanford
0%
Happy Camp
0%
Happy Valley, Calaveras County
0%
Happy Valley, Shasta County
0%
Harasgna
0%
Harbin Springs
0%
Harbison Canyon
0%
Hardwick
0%
Hardy
0%
Harmony
0%
Harrington
0%
Harrisburg, Inyo County
0%
Hartland
0%
Haskell Creek Homesites
0%
Hasley Canyon
0%
Hat Creek
0%
Hatfield
0%
Hatfield–Oregon
0%
Hatfields Camp
0%
Hathaway Pines
0%
Havasu Lake
0%
Havilah
0%
Hawkins Bar
0%
Hawkinsville
0%
Hawk Ravine
0%
Hayden Hill
0%
Hayes
0%
Hayfork
0%
Hayward, Mariposa County
0%
Hearst
0%
Heber
0%
Helena
0%
Helendale
0%
Hell
0%
Helltown
0%
Helm
0%
Herlong
0%
Herlong Junction
0%
Hermosa Beach
0%
Herndon
0%
Hesperia
0%
Hickman
0%
Hidden Meadows
0%
Hidden Valley Lake
0%
Hidden Valley, Placer County
0%
Hidden Valley, Ventura County
0%
Higgins Corner
0%
Higgins Point
0%
Highgrove
0%
Highlands-Baywood Park
0%
Hights Corner
0%
Highway City
0%
Hildreth
0%
Hillgrove
0%
Hills Ferry
0%
Hills Flat
0%
Hilmar
0%
Hilmar-Irwin
0%
Hilt
0%
Hinkley
0%
Hiouchi
0%
Hirschdale
0%
Hites Cove
0%
Hi Vista
0%
Hobart Mills
0%
Hoboken
0%
Hodge
0%
Hodson
0%
Hokokwito
0%
Hollands
0%
Holland Summit
0%
Hollister
0%
Holmes
0%
Holton
0%
Holy City
0%
Home Garden
0%
Home Gardens
0%
Homeland
0%
Homestead Valley
0%
Homewood
0%
Homewood Canyon
0%
Homewood Canyon-Valley Wells
0%
Honcut
0%
Honda
0%
Honeydew
0%
Honmoyausha
0%
Hoopa
0%
Hope Ranch
0%
Hopeton
0%
Hope Valley
0%
Hopland
0%
Hopnomkoyo
0%
Hoppaw
0%
Hornbrook
0%
Hornitos
0%
Horse Creek
0%
Horseshoe Bend
0%
Horstville
0%
Hough Springs
0%
Houtgna
0%
Howard Mill
0%
Howell Mountain
0%
Huasna
0%
Hub
0%
Hughes Mill
0%
Hughson
0%
Hullville
0%
Humboldt Hill
0%
Hume
0%
Humphreys Station
0%
Huntington Lake
0%
Huntington Park
0%
Hurleton
0%
Huron
0%
Hyampom
0%
Hyde Park
0%
Hydesville
0%
Hypericum
0%
Hyperion
0%
Iaqua
0%
Iceland
0%
Idlewild, Placer County
0%
Idlewild, Tulare County
0%
Idyllwild–Pine Cove
0%
Ignacio
0%
Igo
0%
Imola
0%
Incline
0%
Independence
0%
Independence Flat
0%
Indian Creek
0%
Indian Falls
0%
Indian Gulch
0%
Indian Lakes Estates
0%
Indianola
0%
Indian Springs
0%
Indian Springs, Los Angeles County
0%
Indian Springs, Madera County
0%
Indian Springs, Mendocino County
0%
Indian Springs, Nevada County
0%
Indian Village
0%
Indian Wells
0%
Indian Wells, Imperial County
0%
Indian Wells, Kern County
0%
Indio Hills
0%
Inglenook
0%
Ingomar
0%
Ingot
0%
Ingram
0%
Inskip
0%
Interlaken
0%
Inverness
0%
Inverness Park
0%
Inyokern
0%
Ione
0%
Iowa Hill
0%
Irish Town
0%
Irishtown
0%
Irmulco
0%
Iron Horse
0%
Isabella
0%
Isaiah
0%
Isanthcogna
0%
Isla Vista
0%
Isleton
0%
Ivanhoe
0%
Ivanpah
0%
Ivy
0%
Jacinto
0%
Jacobs Corner
0%
Jaeger City
0%
Jamesburg
0%
Jamestown
0%
Jamison
0%
Janesville
0%
Jasmin
0%
Jayhawk
0%
Jenner
0%
Jenny Lind
0%
Jerseydale
0%
Jesmond Dene
0%
Jesus Maria
0%
Jewell
0%
Joe Walker Town
0%
Johannesburg
0%
Johnsondale
0%
Johnson Park
0%
Johnsons
0%
Johnson Valley
0%
Johnstonville
0%
Johnsville
0%
Jolon
0%
Jones Bar
0%
Jones Valley
0%
Jonesville
0%
Joshua Tree
0%
Jovista
0%
Joyfull
0%
Junction
0%
Junction City
0%
Juniper Hills
0%
Jupiter
0%
Juyubit
0%
Kadota
0%
Kagel Canyon
0%
Kalina
0%
Kanawyers
0%
Kane Spring
0%
Kasson
0%
Kaweah
0%
Kaweah Colony
0%
Kearsarge
0%
Keddie
0%
Keeler
0%
Keene
0%
Kellogg
0%
Kelly Ridge
0%
Kelsey
0%
Kelseyville
0%
Kelso
0%
Kennedy
0%
Kennedy Meadows
0%
Kennett
0%
Kenny
0%
Kensington
0%
Kentfield
0%
Kentucky Flat
0%
Kentwood-In-The-Pines
0%
Kenwood
0%
Kerby
0%
Kerman
0%
Kern River Slough
0%
Kernvale
0%
Kernville
0%
Keswick
0%
Kettleman City
0%
Keyes
0%
Keyesville
0%
Keystone, Tuolumne County
0%
Kibesillah
0%
Kiesel
0%
Kilaga Springs
0%
Kilkare Woods
0%
King City
0%
Kinghts Val
0%
King Salmon
0%
Kings Beach
0%
Kingsburg
0%
Kings Mountain
0%
Kingston
0%
Kingston, Fresno County
0%
Kingsville
0%
Kingvale
0%
Kinneloa Mesa
0%
Kirkwood, Tehama County
0%
Kit Carson
0%
Klamath
0%
Klamath Glen
0%
Klamath River
0%
Kneeland
0%
Knightsen
0%
Knights Ferry
0%
Knights Landing
0%
Knowles
0%
Komandorski Village
0%
Korbel, Humboldt County
0%
Kotasi
0%
Kowanga
0%
Kramer
0%
Kramer Hills
0%
Kramer Junction
0%
Kres
0%
Kumaini
0%
Kuya'mu
0%
La Barr Meadows
0%
La Conchita
0%
La Crescenta-Montrose
0%
La Cresta, Riverside County
0%
La Delta
0%
Ladera
0%
Ladera Ranch
0%
La Grange
0%
Laguna Creek, Elk Grove
0%
Laguna West-Lakeside, Elk Grove
0%
Lagunitas
0%
Lagunitas-Forest Knolls
0%
La Honda
0%
Lake Almanor Country Club
0%
Lake Almanor Peninsula
0%
Lake Almanor West
0%
Lake Alpine
0%
Lake Arrowhead
0%
Lake California
0%
Lake City, Modoc County
0%
Lake City, Nevada County
0%
Lake Davis
0%
Lake Don Pedro
0%
Lake Forest
0%
Lake Forest, Placer County
0%
Lakehead
0%
Lakehead-Lakeshore
0%
Lake Hughes
0%
Lake Isabella
0%
Lakeland Village
0%
Lake Los Angeles
0%
Lake Mathews
0%
Lake of the Pines
0%
Lakeport
0%
Lake Riverside
0%
Lake San Marcos
0%
Lake Shastina
0%
Lake Sherwood
0%
Lakeshore, Fresno County
0%
Lake Valley
0%
Lakeview
0%
Lakeville
0%
Lake Wildwood
0%
Lakewood
0%
La Libertad
0%
La Mirada
0%
Lamont
0%
Lanare
0%
Lancha Plana
0%
Lander Crossing
0%
Landers
0%
Langdon
0%
Langs
0%
Langworth
0%
La Palma
0%
La Panza
0%
La Patera
0%
La Puente
0%
La Quinta
0%
Largo Vista
0%
La Riviera
0%
Larkfield-Wikiup
0%
Lasco
0%
Las Cruces
0%
La Selva Beach
0%
Las Flores
0%
Las Flores, Tehama County
0%
Las Lomas
0%
Las Plumas
0%
Lassen Lodge
0%
Last Chance
0%
Las Tunas
0%
Lathrop
0%
Laton
0%
Latrobe
0%
Laugenour
0%
Laughlin
0%
Lava Beds
0%
La Verne
0%
Lavers' Crossing
0%
La Vina
0%
Laws
0%
Lawyers Bar
0%
Laytonville
0%
Leadfield
0%
Leavitt
0%
Lebec
0%
Lee
0%
Lee Camp
0%
Leeman
0%
Leesville
0%
Le Grand
0%
Leliter
0%
Lema
0%
Lemon Cove
0%
Lemon Hill
0%
Lemoore
0%
Lemoore Station
0%
Lennox
0%
Lenwood
0%
Leon
0%
Leona Valley
0%
Lerdo
0%
Lerona
0%
Lewiston
0%
Lexington
0%
Lexington Hills
0%
Liberty
0%
Likely
0%
Lila C
0%
Lillis
0%
Lincoln
0%
Lincoln Acres
0%
Lincoln Village
0%
Linda Rosa
0%
Lindcove
0%
Linden
0%
Lingard
0%
Linnell Camp
0%
Litchfield
0%
Little Jamison
0%
Little Lake, Inyo County
0%
Little Norway
0%
Little River
0%
Littlerock
0%
Little Valley
0%
Little York
0%
Live Oak, Santa Cruz County
0%
Llagas-Uvas
0%
Llano
0%
Llano del Rio
0%
Lobitos
0%
Loch Lomond
0%
Lockwood, Amador County
0%
Lockwood, Monterey County
0%
Lockwood Valley
0%
Lodoga
0%
Loganville
0%
Lokoya
0%
Loleta
0%
Loma Chiquita
0%
Loma Linda
0%
Loma Mar
0%
Loma Rica
0%
Lomita Park
0%
Lomo, Butte County
0%
Lompico
0%
Lompoc
0%
London
0%
Lone Pine Station
0%
Lone Star, Fresno County
0%
Lone Star, Humboldt County
0%
Longvale
0%
Long Valley, Lassen County
0%
Longville
0%
Lonoak
0%
Lookout
0%
Lookout City
0%
Loope
0%
Loraine
0%
Los Banos
0%
Los Berros
0%
Los Molinos
0%
Los Nietos
0%
Los Olivos
0%
Los Osos
0%
Los Ranchitos, Marin County
0%
Los Ranchos
0%
Los Serranos, Chino Hills
0%
Lost Hills
0%
Lotus
0%
Lovejoy
0%
Lovelock
0%
Lowell
0%
Lowell Hill
0%
Lower Calaveritas
0%
Lower Lake
0%
Lower Rancheria
0%
Lower Town
0%
Loyalton
0%
Loyola
0%
Lucas Valley
0%
Lucas Valley-Marinwood
0%
Lucerne
0%
Lucerne, Lake County
0%
Lucerne Valley
0%
Ludlow
0%
Luffenholtz
0%
Lumpkin
0%
Lundy
0%
Lynchburg
0%
Lynwood
0%
Lyons Station
0%
Lytle Creek
0%
Lytton
0%
Macdoel
0%
Machado
0%
Macheto
0%
Madeline
0%
Madera
0%
Madera Acres
0%
Madera Highlands
0%
Madera Ranchos
0%
Mad River
0%
Magalia
0%
Magnet
0%
Magra
0%
Maine Prairie
0%
Malaga
0%
Malakoff
0%
Malibou Lake
0%
Malibu Mar Vista
0%
Malibu Vista
0%
Malton
0%
Mammoth City
0%
Mammoth Lakes
0%
Manchester
0%
Manila
0%
Mankas Corner
0%
Manteca
0%
Manton
0%
Manzanar
0%
Manzanita
0%
Maple Creek
0%
Marconi
0%
Maricopa
0%
Marin City
0%
Markleeville
0%
Mark West
0%
Mark West Springs
0%
Mars
0%
Marshall
0%
Marshall Station
0%
Marsh Creek Springs
0%
Martell
0%
Martensdale
0%
Martins Ferry
0%
Marty
0%
Masonic
0%
Massack
0%
Masut
0%
Matheny
0%
Mather, Sacramento County
0%
Mather, Tuolumne County
0%
Maugna
0%
Maxwell
0%
May
0%
Mayaro
0%
Maybert
0%
Mayfair, Fresno County
0%
Mayfair, Kern County
0%
Mayflower Village
0%
Maywood
0%
McArthur
0%
McArthur, Modoc County
0%
McClellan Park
0%
McClenney Tract
0%
McCloud
0%
Mc Farland
0%
McGee Creek
0%
McHenry
0%
McKittrick
0%
McSwain
0%
Meadow Brook
0%
Meadowbrook
0%
Meadow Lake, Nevada County
0%
Meadow Lakes
0%
Meadow Valley
0%
Meadow Vista
0%
Mead Valley
0%
Mecca
0%
Meeks Bay
0%
Meiners Oaks
0%
Meloland
0%
Melones
0%
Melsons Corner
0%
Mendenhall Springs
0%
Mendota
0%
Menlo Baths
0%
Menlo Oaks
0%
Menlo Park
0%
Mentone
0%
Mentryville
0%
Merced Falls
0%
Mercuryville
0%
Meridian, Humboldt County
0%
Meridian, Kern County
0%
Meridian, Sutter County
0%
Merrimac
0%
Merritt
0%
Mesa
0%
Mesa Verde
0%
Mesa Vista
0%
Metropolitan
0%
Mettler
0%
Metz
0%
Mexican Colony
0%
Meyers
0%
Michigan Bluff
0%
Midas
0%
Middleton Tract
0%
Middletown
0%
Midlakes
0%
Midoil
0%
Midtown San Jose
0%
Midway
0%
Midway, Alameda County
0%
Midway City
0%
Mikon
0%
Milford
0%
Mill City, Mono County
0%
Mill Creek
0%
Millersville
0%
Millerton, Fresno County
0%
Millerton, Madera County
0%
Millham City
0%
Milligan District
0%
Mills Orchard
0%
Millspaugh
0%
Millux
0%
Millville
0%
Milton
0%
Mina
0%
Minarets
0%
Minear
0%
Mineral
0%
Minersville
0%
Minkler
0%
Minter Village
0%
Minturn
0%
Mirabel
0%
Miracle Hot Springs
0%
Miraflores
0%
Mira Loma
0%
Mira Monte
0%
Miramonte
0%
Miranda
0%
Mission Hills
0%
Mission Hills, Santa Barbara County
0%
Mission Viejo
0%
Missouri Triangle
0%
Mi Wuk Village
0%
Moccasin
0%
Modesto
0%
Modjeska Canyon
0%
Mohawk
0%
Mohawk Vista
0%
Moiya
0%
Mojave
0%
Mojave Heights
0%
Mokelumne Hill
0%
Monmouth
0%
Mono City
0%
Monolith
0%
Mono Mills
0%
Mono Village, Mono County
0%
Monoville
0%
Mono Vista
0%
Monson
0%
Montague
0%
Montalvin Manor
0%
Montara
0%
Montclair
0%
Monte Nido
0%
Monterey Park
0%
Monterey Park Tract
0%
Monte Rio
0%
Monterio
0%
Monte Vista, Placer County
0%
Montezuma
0%
Montgomery City
0%
Montgomery Creek
0%
Monticello
0%
Montpelier
0%
Monument Hills
0%
Mooney Flat
0%
Moonstone
0%
Moore's Flat
0%
Moores Flat
0%
Morada
0%
More
0%
Moreno Valley
0%
Mormon Bar
0%
Mormon Island
0%
Morongo Valley
0%
Morro Bay
0%
Moseley
0%
Moskowite Corner
0%
Moss Beach
0%
Moss Landing
0%
Motion
0%
Motor City
0%
Motordrome
0%
Mountain Center
0%
Mountain Gate
0%
Mountain Home
0%
Mountain Home Village
0%
Mountain House
0%
Mountain Mesa
0%
Mountain Pass
0%
Mountain Ranch
0%
Mountain View
0%
Mountain View Acres
0%
Mountain View, Contra Costa County
0%
Mountain View, Stanislaus County
0%
Mount Aukum
0%
Mount Baldy
0%
Mount Bullion, Alpine County
0%
Mount Bullion, Mariposa County
0%
Mount Hebron
0%
Mount Hermon
0%
Mount Laguna
0%
Mount Ophir
0%
Mount Signal
0%
Mowry Landing
0%
Muir Beach
0%
Mullen
0%
Municipality
0%
Munyon
0%
Muroc
0%
Murphys
0%
Murray
0%
Murrieta
0%
Muscoy
0%
Mussel Shoals
0%
Myers Flat
0%
Myrtletown
0%
Nacaugna
0%
Nacimiento
0%
Nacomis Indian Rancheria
0%
Nakankoyo
0%
Napa Junction
0%
Napa Soda Springs
0%
Naples, Santa Barbara County
0%
Narbo
0%
Narka
0%
Narlon
0%
Nashmead
0%
Nashville
0%
National City
0%
Natividad
0%
Navarro
0%
Navelencia
0%
Neals Diggins
0%
Nebo Center
0%
Needles
0%
Neenach
0%
Negro Flat
0%
Nelson
0%
Nelson Bar
0%
Neufeld
0%
Neuralia
0%
New Almaden
0%
New Auberry
0%
Newberry Springs
0%
Newcastle
0%
New Chicago
0%
New Cuyama
0%
Newell
0%
New Idria
0%
Newman
0%
New Pine Creek
0%
Newport
0%
Newport Beach
0%
Newport Coast
0%
Newport Coast, Newport Beach
0%
Newtown
0%
Newtown, El Dorado County
0%
Newtown, Mariposa County
0%
Newtown, Nevada County
0%
Newville
0%
Nicasio
0%
Nice
0%
Nichols
0%
Nicolaus
0%
Nielsburg
0%
Niland
0%
Ninetynine Oaks
0%
Nipinnawasee
0%
Nipomo
0%
Nipton
0%
Noleta
0%
Noonday Camp
0%
Norco
0%
Nord
0%
Norden
0%
Norman
0%
Norris Canyon
0%
Norristown
0%
North Auburn
0%
North Bloomfield
0%
North Columbia
0%
North Dinuba
0%
North Edwards
0%
North El Monte
0%
North Fair Oaks
0%
North Fork
0%
North Gate
0%
North Highlands
0%
North Lakeport
0%
North Muroc
0%
North Palm Springs
0%
North Richmond
0%
North San Juan
0%
North Shore
0%
Northspur
0%
North Tustin
0%
North Woodbridge
0%
Nortonville
0%
Notleys Landing
0%
Notomidula
0%
Novato
0%
Noyo
0%
Nubieber
0%
Nuevo
0%
Oak Creek Hills
0%
Oakdale
0%
Oak Glen, San Bernardino County
0%
Oak Grove, San Diego County
0%
Oak Hills, Monterey County
0%
Oak Hills, San Bernardino County
0%
Oakhurst
0%
Oak Knoll
0%
Oak Park
0%
Oak Run
0%
Oak Valley
0%
Oak View
0%
Oakville
0%
Oasis, Mendocino County
0%
Oasis, Mono County
0%
Oasis, Riverside County
0%
Oat Valley
0%
Obregon
0%
O'Brien
0%
Occidental
0%
Oceano
0%
Ockenden
0%
Oil City
0%
Oildale
0%
Ojala
0%
Okowvinjha
0%
Olancha
0%
Old Corral
0%
Old Fig Garden
0%
Old Forbestown
0%
Old Hilltown
0%
Old Hopland
0%
Old River
0%
Old Station
0%
Old Town, Kern County
0%
Oleander
0%
Olema
0%
Oleum
0%
Olig
0%
Omega
0%
Omira
0%
Omo Ranch
0%
O'Neals
0%
Ono
0%
Onyx
0%
Opal Cliffs
0%
Ophir
0%
Orange Blossom
0%
Orange Cove
0%
Orange Park Acres
0%
Orangevale
0%
Orcutt
0%
Ordbend
0%
Oregon Bar
0%
Oregon City
0%
Oregon House
0%
Orick
0%
Orland
0%
Orleans
0%
Orleans Flat
0%
Oro Fino
0%
Oro Grande
0%
Oro Loma
0%
Orosi
0%
Oroville East
0%
Orrs Springs
0%
Ortonville
0%
Orwood
0%
Outingdale
0%
Owensville
0%
Owenyo
0%
Pacheco
0%
Pacific Grove
0%
Pacific Shores
0%
Packwood Station
0%
Paicines
0%
Painted Cave
0%
Pajaro
0%
Pajaro Dunes
0%
Pala
0%
Pala Mesa
0%
Palermo
0%
Palisades del Rey
0%
Palmetto
0%
Palm Spring Station
0%
Palo Cedro
0%
Palo Colorado Canyon
0%
Paloma
0%
Palomar Mountain
0%
Palo Verde
0%
Panama
0%
Panamint City
0%
Panhe
0%
Panoche
0%
Panorama Heights
0%
Paradise Cay
0%
Paradise, Mono County
0%
Paradise Park
0%
Parker Dam
0%
Parkfield
0%
Parklawn
0%
Parksdale
0%
Parkway
0%
Parkway-South Sacramento
0%
Parkway–South Sacramento
0%
Parkwood
0%
Parlier
0%
Pasatiempo
0%
Pasinogna
0%
Paskenta
0%
Patchen
0%
Patricks Point
0%
Patterson
0%
Patterson Tract
0%
Patton
0%
Patton Village
0%
Pauma Valley
0%
Paxton
0%
Paynes Creek
0%
Paynesville
0%
Peanut
0%
Pearblossom
0%
Peardale
0%
Pearsonville
0%
Peart
0%
Pebble Beach
0%
Penngrove
0%
Penn Valley
0%
Penryn
0%
Pentz
0%
Pepperwood
0%
Perks Corner
0%
Perris
0%
Perrys Corner
0%
Pescadero
0%
Peters
0%
Petersburg
0%
Petroleopolis
0%
Petrolia
0%
Phelan
0%
Phillips
0%
Phillips' Ferry (Merced River)
0%
Phillipsville
0%
Philo
0%
Phoenix Lake-Cedar Ridge
0%
Picacho
0%
Picard
0%
Pico Rivera
0%
Piedra
0%
Piercy
0%
Pierpoint
0%
Pike
0%
Pilot Hill
0%
Pimocagna
0%
Pinacate
0%
Pine Acres
0%
Pine Canyon
0%
Pine City
0%
Pinecrest, Nevada County
0%
Pinecrest, Tuolumne County
0%
Pinecroft
0%
Pine Flat
0%
Pine Grove, Amador County
0%
Pine Grove, Mendocino County
0%
Pine Hill
0%
Pine Hills
0%
Pine Hills, San Diego County
0%
Pinehurst
0%
Pine Mountain Club
0%
Pineridge
0%
Pine Town
0%
Pino Grande
0%
Piñon Hills
0%
Pinyon Pines
0%
Pioneer
0%
Pioneer Point
0%
Pioneertown
0%
Pipers
0%
Pisgah Grande
0%
Pismo Beach
0%
Piute
0%
Pixley
0%
Pizona
0%
Placentia
0%
Plainfield
0%
Plainsburg
0%
Plainview
0%
Planada
0%
Plaskett
0%
Plaster City
0%
Platina
0%
Pleasant Grove
0%
Pleasant Valley
0%
Pleasure Point
0%
Plumas Eureka
0%
Plumas Lake
0%
Plumbago
0%
Plumtree
0%
Plymouth
0%
Point of Timber
0%
Point Reyes Station
0%
Pokerville
0%
Polaris
0%
Poleta
0%
Politana
0%
Pollard Flat
0%
Pomins
0%
Pond
0%
Pondosa
0%
Poonkiny
0%
Pope Valley
0%
Poplar-Cotton Center
0%
Port Chicago
0%
Port Costa
0%
Porterville
0%
Port Kenyon
0%
Portola
0%
Portola Hills
0%
Portola Valley
0%
Portuguese Flat
0%
Port Wine
0%
Posey
0%
Poso de Chane
0%
Poso Park
0%
Post Mountain
0%
Posts
0%
Potholes
0%
Potter Valley
0%
Poverty Bar
0%
Poverty Hill
0%
Powningville
0%
Pozo
0%
Prado
0%
Prairie City
0%
Prather
0%
Prattville
0%
Preston
0%
Priest
0%
Princeton
0%
Princeton-by-the-Sea
0%
Prize
0%
Proberta
0%
Prosser
0%
Prosser Creek
0%
Providence
0%
Providence, Nevada County
0%
Prunedale
0%
Pueblo de las Juntas
0%
Pulga
0%
Pumpkin Center
0%
Purissima
0%
Pylema
0%
Quaker Hill
0%
Quapa
0%
Quartz
0%
Quartzburg
0%
Quartz Hill
0%
Queen City
0%
Quintette
0%
Quizzes
0%
Rackerby
0%
Radec
0%
Rail Road Flat
0%
Rainbow, Placer County
0%
Raisin City
0%
Rampart
0%
Ranchería
0%
Ranchita
0%
Rancho Calaveras
0%
Rancho Capistrano
0%
Rancho de los Californios
0%
Rancho Dominguez
0%
Rancho Mirage
0%
Rancho Mission Viejo
0%
Rancho Murieta
0%
Rancho Santa Margarita
0%
Rancho Tehama
0%
Randsburg
0%
Ravendale
0%
Rawhide
0%
Rayl
0%
Raymond
0%
Red Box
0%
Redbud Park
0%
Red Corral
0%
Redcrest
0%
Red Mountain
0%
Redway
0%
Redwood Estates
0%
Reedley
0%
Reefer City
0%
Reiff
0%
Reilly
0%
Relief
0%
Reliez Valley
0%
Remington Hill
0%
Requa
0%
Rescue
0%
Reward, Inyo County
0%
Reward, Kern County
0%
Rheem
0%
Rialto
0%
Ricardo
0%
Rice
0%
Richfield
0%
Richgrove
0%
Rich Gulch
0%
Richvale
0%
Ridgemark
0%
Ridgewood Heights
0%
Ridgewood Park
0%
Ridleys Ferry
0%
Rimforest
0%
Rincon
0%
Rincon del Diablo
0%
Rio Bravo
0%
Rio Dell
0%
Rio Dell, Sonoma County
0%
Rio del Mar
0%
Rio Linda
0%
Rio Nido
0%
Rio Oso
0%
Rio Vista
0%
Rio Vista Junction
0%
Ripley
0%
Ripon
0%
Ripperdan
0%
Riverbank
0%
Riverdale
0%
Riverdale, Mendocino County
0%
Riverdale Park
0%
Riverkern
0%
River Oaks
0%
River Pines
0%
Riverside Park
0%
Riverton
0%
Riverview
0%
Riverview, Yolo County
0%
Riviera West
0%
Roachville
0%
Roads End
0%
Robbins
0%
Roberts Ferry
0%
Roberts Landing
0%
Robinson Mill
0%
Robinsons Corner
0%
Robles del Rio
0%
Rock Creek
0%
Rock Haven, Fresno County
0%
Rockland
0%
Rockport
0%
Rock Springs
0%
Rocktram
0%
Rockville
0%
Rockwood
0%
Rocky Hill, Tulare County
0%
Rodgers Flat
0%
Rodriguez Camp
0%
Rogersville
0%
Rohnerville
0%
Rolinda
0%
Rolling Hills, Madera County
0%
Rollingwood
0%
Romoland
0%
Ronda
0%
Rosamond
0%
Rosedale
0%
Rose Hills
0%
Roseland
0%
Rose Place
0%
Rose's Corral
0%
Rosewood, Humboldt County
0%
Rosewood, Tehama County
0%
Ross Corner
0%
Rossmoor
0%
Rough and Ready
0%
Round Mountain
0%
Round Tent, Yuba County
0%
Round Valley, Plumas County
0%
Rouse
0%
Rovana
0%
Rowen
0%
Rowland Heights
0%
Rubicon
0%
Rubicon Springs
0%
Rucker
0%
Rumsey
0%
Running Springs
0%
Russell City
0%
Ruth
0%
Rutherford
0%
Ryan
0%
Ryde
0%
Sackett's Wells
0%
Saco
0%
Sage
0%
Sageland
0%
Sakaya
0%
Salida
0%
Salinas
0%
Salmon Creek
0%
Saltdale
0%
Salton City
0%
Salton Sea Beach
0%
Salt Point
0%
Salyer
0%
Samoa
0%
San Antonio Heights
0%
San Antonio Valley
0%
San Ardo
0%
San Benancio
0%
Sanborn
0%
Sand Canyon, Kern County
0%
Sandia
0%
Sandy Bar
0%
Sandy Gulch
0%
San Francis Ranch
0%
San Gabriel
0%
Sanger
0%
San Geronimo
0%
Sanitarium
0%
San Jacinto
0%
San Joaquin
0%
San Joaquin City
0%
San Joaquin Hills, Newport Beach
0%
San Juan Bautista
0%
San Luis Rey, Oceanside
0%
San Marino
0%
San Martin
0%
San Miguel, Contra Costa County
0%
San Miguel de los Noches
0%
San Pablo
0%
San Pasqual, Los Angeles County
0%
San Pasqual, San Diego County
0%
San Quentin
0%
San Rafael
0%
San Ramon Village
0%
San Simeon
0%
Santa Fe Springs
0%
Santa Lucia Preserve
0%
Santa Paula
0%
Santa Rita Park
0%
Santa Rita, Santa Barbara County
0%
Santa Rosa Valley
0%
Santa Susana
0%
Santa Venetia
0%
Santa Ynez
0%
Santiago Canyon
0%
Saranap
0%
Saratoga Springs
0%
Sargent
0%
Saticoy
0%
Sattley
0%
Savannah
0%
Saway-yanga
0%
Sawmill Flat
0%
Sawtelle
0%
Sawtelle3
0%
Sawyers Bar
0%
Scales
0%
Schafer Park
0%
Scheelite
0%
Schellville
0%
Schooner Gulch
0%
Schwaub
0%
Sciots Camp
0%
Scotia
0%
Scott Bar
0%
Scotts Corner
0%
Scotts Flat
0%
Scotts Valley
0%
Scottsville
0%
Scovern Hot Springs
0%
Sea Cliff
0%
Seacliff
0%
Seal Beach
0%
Sea Ranch
0%
Search
0%
Searles Valley
0%
Sebastopol, Nevada County
0%
Second Garrotte
0%
Secret Ravine
0%
Secret Town
0%
Seeley
0%
Seiad Valley
0%
Seigler Springs
0%
Selby
0%
Selma
0%
Seminole Hot Springs
0%
Seneca
0%
Sentinel
0%
Seobit
0%
Sereno del Mar
0%
Seven Oaks
0%
Seven Trees, San Jose
0%
Seville
0%
Shackelford
0%
Shady Glen
0%
Shafter
0%
Shake City
0%
Shamrock
0%
Shanamkarak
0%
Shandon
0%
Shands
0%
Sharon
0%
Shasta Lake
0%
Shaver
0%
Shaver Lake
0%
Shaver Lake Heights
0%
Sheep Ranch
0%
Shelby Flat
0%
Shell Ridge
0%
Shelter Cove
0%
Shelter Valley
0%
Shiegho
0%
Shipyard Acres
0%
Shirley Meadows
0%
Shishuchi'i'
0%
Shively
0%
Shoshone
0%
Shregegon
0%
Shumig
0%
Sibagna
0%
Siberia
0%
Sicard Flat
0%
Sierra Brooks
0%
Sierra Cedars
0%
Sierra City
0%
Sierra Madre
0%
Sierra Sky Park
0%
Sierra Springs
0%
Sierraville
0%
Signal Hill
0%
Signal Port
0%
Silongkoyo
0%
Silsbee
0%
Silverado
0%
Silverado Resort and Spa
0%
Silver Creek
0%
Silver Lake
0%
Silver Lakes
0%
Silver Mountain
0%
Simi Valley
0%
Simmler
0%
Sisitcanogna
0%
Sisquoc
0%
Sites
0%
Skidoo
0%
Skyforest
0%
Sky Londa
0%
Sky Valley
0%
Slab City
0%
Sleepy Hollow, Marin County
0%
Sloat
0%
Sloss
0%
Sloughhouse
0%
Sly Park
0%
Smartsville
0%
Smith Corner
0%
Smithflat
0%
Smith River
0%
Smyrna
0%
Snelling
0%
Snow Creek
0%
Snow Point
0%
Snow Tent
0%
Soapweed
0%
Soda Bay
0%
Sodan
0%
Soda Springs (near Boonville), Mendocino County
0%
Soda Springs (near Burbeck), Mendocino County
0%
Soda Springs, Nevada County
0%
Soda Springs, Placer County
0%
Soldier's Bridge
0%
Soledad
0%
Solromar
0%
Somerset
0%
Somes Bar
0%
Somis
0%
Sonagna
0%
Sonora
0%
Soquel
0%
Sorenson
0%
Sorrell's
0%
Soulsbyville
0%
South Dos Palos
0%
South El Monte
0%
South Fork, Butte County
0%
South Fork, Madera County
0%
South Fork, Mendocino County
0%
South Gate
0%
South Lake, Kern County
0%
South Monrovia Island
0%
South Oroville
0%
South Pasadena
0%
South San Gabriel
0%
South Santa Clara Valley
0%
South Taft
0%
South Whittier
0%
South Woodbridge
0%
South Yuba City
0%
Spanish Bar
0%
Spanish Flat, El Dorado County
0%
Spanish Flat, Napa County
0%
Spanish Ranch
0%
Spaulding
0%
Spenceville
0%
Spicer City
0%
Spreckels
0%
Sprekelsville
0%
Springfield
0%
Spring Garden
0%
Spring Hill
0%
Springtown
0%
Spring Valley, El Dorado County
0%
Spring Valley Lake
0%
Spring Valley, Lake County
0%
Spring Valley, San Diego County
0%
Springville
0%
Spyrock
0%
Squaw Valley
0%
Squaw Valley, Fresno County
0%
Squaw Valley, Placer County
0%
Squirrel Creek
0%
Squirrel Mountain Valley
0%
Stacy
0%
Stafford, Humboldt County
0%
Stallion Springs
0%
Standard
0%
Standish
0%
Stege
0%
Stegeman
0%
Steloglamo
0%
Stevenson Ranch
0%
Stevinson
0%
Stewarts Point
0%
Stewartville
0%
Stickneys Ferry
0%
Stirling City
0%
St. Louis
0%
Stones Landing
0%
Stonewall
0%
Stony Bar
0%
Stonyford
0%
Storey
0%
Storrie
0%
Stovepipe Wells
0%
Strader
0%
Strand
0%
Stratford
0%
Strathmore
0%
Stratton
0%
Strawberry, El Dorado County
0%
Strawberry, Marin County
0%
Strawberry, Tuolumne County
0%
Strawberry Valley
0%
Stuart
0%
Suangna
0%
Sugarfield
0%
Sugarloaf
0%
Sugarloaf Mountain Park
0%
Sugarloaf Saw Mill
0%
Sugarloaf Village
0%
Sugar Pine
0%
Sullivan
0%
Sultana
0%
Summerland
0%
Summit, Santa Cruz County
0%
Sumner Hill
0%
Sun City
0%
Sunfair
0%
Sunland, Inyo County
0%
Sunnybrook
0%
Sunnyside, Fresno County
0%
Sunnyside, Placer County
0%
Sunnyside–Tahoe City
0%
Sunnyslope, Butte County
0%
Sunny Slopes
0%
Sunrise Vista
0%
Sunset
0%
Sunset Beach
0%
Sunset View
0%
Sun Village
0%
Surf
0%
Surprise Station
0%
Sutter Hill
0%
Sutterville
0%
Swansboro
0%
Swansea
0%
Swanton
0%
Swedes Flat
0%
Sweetland
0%
Swingle
0%
Sycamore
0%
Taft Heights
0%
Taft Mosswood
0%
Tahoe City
0%
Tahoe Pines
0%
Tahoe Vista
0%
Tajiguas
0%
Takuyumam
0%
Tallac Village
0%
Talmage
0%
Tamalpais-Homestead Valley
0%
Tamalpais Valley
0%
Tamarack
0%
Tancred
0%
Tara Hills
0%
Tarpey Village
0%
Tasikoyo
0%
Tassajara
0%
Taylors Bar
0%
Taylorsville
0%
Taylorville
0%
Teagle
0%
Tecate
0%
Tecopa
0%
Tehachapi
0%
Tehama
0%
Tehichipa
0%
Tejon
0%
Telegraph City
0%
Temelec
0%
Temescal
0%
Temple City
0%
Templeton
0%
Tennant
0%
Terese Siding
0%
Terminous
0%
Termo
0%
Terra Bella
0%
Terra Cotta
0%
Teviston
0%
The Cedars
0%
The Forks
0%
The Oaks, Mendocino County
0%
The Oaks, Nevada County
0%
Thermal
0%
Thermalito
0%
Thomas Mountain
0%
Thompson
0%
Thousand Oaks
0%
Thousand Palms
0%
Three Points
0%
Three Rivers
0%
Three Rocks
0%
Tidball Store
0%
Tierra Buena
0%
Timba
0%
Timber Cove
0%
Timber Trails
0%
Timbuctoo
0%
Tionesta
0%
Tisechu
0%
Toadtown
0%
Tobin
0%
Tocaloma
0%
Todd Valley
0%
Tollhouse
0%
Tomales
0%
Toms Place
0%
Tonyville
0%
Tooleville
0%
Toolwass
0%
Topaz
0%
Tormey
0%
Toro Canyon
0%
Toviseanga
0%
Towle
0%
Town Talk
0%
Toybipet
0%
Trabuco Canyon
0%
Tracy
0%
Tranquillity
0%
Traver
0%
Tremont
0%
Trent
0%
Tres Pinos
0%
Trigo, Madera County
0%
Trimmer
0%
Trinidad
0%
Trinity Center
0%
Trinity Village
0%
Trona, San Bernardino County
0%
Trowbridge
0%
Troy
0%
Tsekankan
0%
Tudor
0%
Tujunga
0%
Tulelake
0%
Tuluka
0%
Tumco
0%
Tuolumne City, Stanislaus County
0%
Tuolumne, Stanislaus County
0%
Tupman
0%
Turlock
0%
Tustin
0%
Tuttle
0%
Tuttletown
0%
Tuyunga
0%
Twain
0%
Twain Harte
0%
Twin Bridges
0%
Twin Lakes
0%
Twin Lakes, Mono County
0%
Twin Oaks, Kern County
0%
Twin Peaks
0%
Twin Rocks
0%
Two Harbors
0%
Two Rock
0%
Tyler
0%
Ubakhea
0%
Ukiah Rancheria
0%
Ultra
0%
Unadilla
0%
Union Hill
0%
Universal City
0%
Upland
0%
Upp
0%
Upper Lake
0%
Upper Ojai
0%
Upper Town
0%
Ustoma
0%
Vaca Adobe
0%
Valdez
0%
Valejo
0%
Valerie
0%
Valinda
0%
Vallecito
0%
Vallecito, San Diego County
0%
Valleton
0%
Valle Vista
0%
Valley Acres
0%
Valley Center
0%
Valley Home
0%
Valley Lake Ranchos
0%
Valley Ranch
0%
Valley Springs
0%
Valley Wells
0%
Valona
0%
Val Verde
0%
Valyermo
0%
Vandenberg Village
0%
Vanderbilt
0%
Vaughn
0%
Venado
0%
Ventucopa
0%
Venus
0%
Verdi
0%
Vernalis
0%
Vichy Springs, Mendocino County
0%
Vichy Springs, Napa County
0%
Vidal
0%
Vidal Junction
0%
View Park
0%
View Park–Windsor Hills
0%
Villa Grande
0%
Villa Park
0%
Vina
0%
Vincent
0%
Vineburg
0%
Vine Hill
0%
Vineyard
0%
Vinton
0%
Viola
0%
Virgenes
0%
Virgilia
0%
Virginia Lakes
0%
Virginiatown
0%
Virner
0%
Vista Santa Rosa
0%
Volcano
0%
Volcanoville
0%
Volta
0%
Wadstrom
0%
Wagners
0%
Wahoo
0%
Waikosel
0%
Waldo Junction
0%
Waldon
0%
Walkermine
0%
Walker, Mono County
0%
Wallace
0%
Walnut Park
0%
Waloupa
0%
Warm Springs
0%
Warner Valley
0%
Wasco
0%
Waterford
0%
Water Station
0%
Watson's Ferry
0%
Watsonville
0%
Waukell Flat
0%
Waukena
0%
Wautec
0%
Wawona
0%
Weaverville
0%
Webster
0%
Weedpatch
0%
Weimar
0%
Weitchpec
0%
Weldon
0%
Wendel
0%
Wenger
0%
Wentworth Springs
0%
Weott
0%
West Athens
0%
West Bishop
0%
West Butte
0%
West Carson
0%
West Compton
0%
West Goshen
0%
West Hartley
0%
Westhaven, Fresno County
0%
Westhaven, Humboldt County
0%
Westhaven-Moonstone
0%
Westlake Village
0%
Westley
0%
West Menlo Park
0%
West Modesto
0%
Westmont
0%
Westmorland
0%
West Park
0%
West Point
0%
Westport
0%
West Santa Clara
0%
Westside, Fresno County
0%
Westville
0%
West Whittier-Los Nietos
0%
Westwood
0%
Wheatland
0%
Wheeler
0%
Wheeler Crest
0%
Wheeler Ridge
0%
Wheeler Springs
0%
Whiskey Springs
0%
Whiskeytown
0%
Whisky Falls
0%
Whispering Pines, Lake County
0%
White Hall
0%
Whitehawk
0%
White Horse
0%
White Mountain City
0%
White Pines
0%
White River
0%
Whitesboro
0%
Whites Bridge
0%
Whitethorn
0%
Whitewater
0%
Whitley Gardens
0%
Whitmore
0%
Whitney
0%
Whitney Portal
0%
Wildflower
0%
Wildomar
0%
Wildwood
0%
Wilkerson
0%
Willard
0%
Williams Canyon
0%
Willowbrook
0%
Willow Creek
0%
Willow Glen
0%
Willow Ranch
0%
Willows
0%
Willow Springs
0%
Willow Valley
0%
Wilseyville
0%
Wilson
0%
Wilsona
0%
Wilson Grove
0%
Wilsonville
0%
Wilton
0%
Wimp
0%
Windsor Hills
0%
Wingo
0%
Winter Garden
0%
Winter Gardens
0%
Winterhaven
0%
Winton
0%
Wishon
0%
Wiskala
0%
Witch Creek, San Diego County
0%
Wofford Heights
0%
Wokodot
0%
Wolf
0%
Wonder Acres, Kern County
0%
Wonderland
0%
Wonder Valley
0%
Woodacre
0%
Wood Colony
0%
Woodcrest
0%
Woodford
0%
Woodfords
0%
Woodlands
0%
Woodleaf, Napa County
0%
Woodleaf, Yuba County
0%
Woodville
0%
Woodville Farm Labor Camp
0%
Woody
0%
Woolsey Flat
0%
Wrights
0%
Wrightwood
0%
Wyandotte
0%
Wynola
0%
Wyo
0%
Yalisumni
0%
Yamako
0%
Yankee Hill, Butte County
0%
Yankee Hill, Tuolumne County
0%
Yankee Jims
0%
Yaqui Camp
0%
Yeomet
0%
Yermo
0%
Yettem
0%
Yokohl Valley
0%
Yolano
0%
Yontocket
0%
Yosemite Forks
0%
Yosemite Junction
0%
Yosemite Lakes Park
0%
Yosemite Mill
0%
Yosemite Valley
0%
Yosemite West
0%
You Bet
0%
Youngstown
0%
Yountville
0%
Yucca Grove
0%
Yucca Inn
0%
Yucca Valley
0%
Zamora
0%
Zante
0%
Zayante
0%
Zenia
0%
Zentner
0%
Zinfandel
0%
Zurich
0%
Zuver
0%
No matching quizzes found
Score Distribution
Percent of People with Each Score
Percentile by Number Answered
Your Score History
You have not taken this quiz since the last reset